000 00650nam a2200289Ia 4500
005 20260324143755.0
008 008 260324s9999 xx 000 0 eng d
020 _a9781315680552
037 _aEBOOK
040 _aCRL
040 _beng
040 _cCRL
041 _2eng
041 _aeng
084 _qCRL
100 _aJacob M. Landau
_91216873
245 0 _aPan-Islam
245 0 _bHistory and Politics
260 _bTaylor and Francis
260 _c1990
365 _a
365 _b290
856 _uhttp://www.taylorfrancis.com/books/9781315680552
942 _cEBOOK
999 _c1822678
_d1822678